| 000 | 00433nam a22001457a 4500 | ||
|---|---|---|---|
| 082 | _a801.956 IET | ||
| 245 |
_aKALAM-E-FAIZ BAKHT FAIZ _cIftikhar Arif |
||
| 260 |
_a Lahore _b Sang-e-Meel Publications, Lahore _c2011 |
||
| 300 |
_a120,p _bHB _c24,cm |
||
| 563 | _aHB, | ||
| 650 | _aUrdu Literature -Poetry | ||
| 880 | _6100-01\(3\r | ||
| 880 |
_6245-02\(3\r _aکلام فیض بخت فیض _bافتخار عارف |
||
| 942 |
_2ddc _cBK |
||
| 999 |
_c590779 _d590779 |
||